Sports Quiz

Random Sports Quiz

Batting Title Without 200 Hits Quiz Stats

 Plays Quiz not verified by Sporcle

Score 0/54 Timer 10:00
0 Plays Today
Year & Team Player % Correct
2013 TigersMiguel Cabrera
100%
2011 TigersMiguel Cabrera
100%
2009 TwinsJoe Mauer
97.8%
2006 TwinsJoe Mauer
97.8%
1995 PadresTony Gwynn
97.8%
1994 PadresTony Gwynn
97.8%
1980 RoyalsGeorge Brett
97.8%
2001 RockiesLarry Walker
96.6%
1999 RockiesLarry Walker
96.6%
1998 RockiesLarry Walker
96.6%
1972 CubsBilly Williams
96.6%
1957 Red SoxTed Williams
96.6%
1947 Cardinals & PhilliesHarry Walker
96.6%
1944 (BRO) DodgersDixie Walker
96.6%
1942 Red SoxTed Williams
96.6%
1941 Red SoxTed Williams
96.6%
2010 RangersJosh Hamilton
95.5%
2002 GiantsBarry Bonds
95.5%
1992 MarinersEdgar Martinez
95.5%
2008 BravesChipper Jones
94.4%
1919 TigersTy Cobb
94.4%
1918 TigersTy Cobb
94.4%
1913 TigersTy Cobb
94.4%
1910 TigersTy Cobb
94.4%
2012 GiantsBuster Posey
93.3%
1940 YankeesJoe Dimaggio
91%
1939 YankeesJoe Dimaggio
91%
Year & Team Player % Correct
1993 RockiesAndres Galarraga
89.9%
1975 TwinsRod Carew
89.9%
2005 CubsDerrek Lee
87.6%
1965 PiratesRoberto Clemente
87.6%
1956 YankeesMickey Mantle
86.5%
1954 GiantsWillie Mays
83.1%
1952 CardinalsStan Musial
82%
1982 RoyalsWillie Wilson
80.9%
1978 PiratesDave Parker
79.8%
1903 IndiansNap Lajoie
75.3%
1961 TigersNorm Cash
71.9%
1981 PiratesBill Madlock
67.4%
1976 CubsBill Madlock
67.4%
1938 Red SoxJimmie Foxx
65.2%
1963 DodgersTommy Davis
60.7%
1960 PiratesDick Groat
56.2%
1970 BravesRico Carty
51.7%
1935 PiratesArky Vaughan
47.2%
1966 PiratesMatty Alou
46.1%
1990 DodgersEddie Murray
41.6%
1949 TigersGeorge Kell
40.4%
1928 (BOS) BravesRogers Hornsby
40.4%
1953 (BRO) DodgersCarl Furillo
36%
1945 CubsPhil Cavarretta
30.3%
1902 SenatorsEd Delahanty
25.8%
1926 TigersHeinie Manush
24.7%
1950 Red SoxBilly Goodman
18%

You're not logged in!

Compare scores with friends on all Sporcle quizzes.
OR
Log In

Sporcle TV

Today on Sporcle TV


Watch our educational content, quiz creation guides, and fun videos on Sporcle TV.

Show Comments

Extras

Created Dec 21, 2014ReportNominate
Tags:200, average, Batting, hit, player, season, team, total, win

Top Quizzes Today


Score Distribution

Your Account Isn't Verified!

In order to create a playlist on Sporcle, you need to verify the email address you used during registration. Go to your Sporcle Settings to finish the process.

Report this User

Report this user for behavior that violates our Community Guidelines.

Details: